| 000 | 00536nam a2200181Ia 4500 | ||
|---|---|---|---|
| 003 | GCL | ||
| 008 | 140319s9999 xx 000 0 ara d | ||
| 040 |
_aGCL / _cGCL |
||
| 082 | 0 | 4 |
_a301.3 _bع ج |
| 100 | 1 | _aعبدالفتاح محمد وهيبة | |
| 245 | 1 | 0 |
_aجغرافيةالانسان / _cعبدالفتاح محمد وهيبة |
| 300 | _a563 ص | ||
| 490 | _a | ||
| 650 | 0 | 4 | _aالحياة الاجتماعية |
| 650 | 0 | 4 | _aالجغرافيا البشرية |
| 650 | 0 | 4 | _aالتغير الاجتماعى |
| 942 |
_2ddc _cBK |
||
| 999 |
_c40332 _d40332 |
||